| 000 | 00860nam a2200217Ia 4500 | ||
|---|---|---|---|
| 003 | GCL | ||
| 008 | 140319s9999 xx 000 0 ara d | ||
| 040 |
_aGCL / _cGCL |
||
| 082 | 0 | 4 |
_a340.9 _bن ا |
| 100 | 1 | _aمعهد البحوث والدراسات العربية | |
| 245 | 1 | 0 |
_aاركان الظاهرة كمصدر للحق ( التنازع بين القانون والواقع المستقر) / _cمعهد البحوث والدراسات العربية |
| 700 | 1 | _aنعمان محمد خليل جمعة | |
| 260 |
_a[S.N] : _bالمنظمة الاسلامية للتربية والعلوم والثقافة ، _c1977 |
||
| 300 | _a176 ص | ||
| 490 | _a | ||
| 650 | 0 | 4 | _aالقانون |
| 650 | 0 | 4 | _aالقانون المدنى |
| 650 | 0 | 4 | _aقانون الاجراءات المدنية |
| 650 | 0 | 4 | _aتنازع القوانين |
| 942 |
_2ddc _cBK |
||
| 999 |
_c28013 _d28013 |
||